000 00458cam a22001337a 4500
008 180718b1973 xxu||||| |||| 00| 0 eng d
082 _aB084 In7/42
100 _aSideri, S.
245 _aAnalysis and overall evaluation of Latin American trade policies
_cby S. Sideri
260 _aThe Hague
_bInstitute of Social Studies
_c1973
300 _a19p.
440 _aInstitute of Social Studies Occasional papers No.42
650 _aForeign Commerce - Latin America
999 _c477440
_d477440